Grammar student's
Spremljeno u:
| Glavni autor: | |
|---|---|
| Format: | Nepoznato |
| Izdano: |
2009
|
| Oznake: |
Dodaj oznaku
Bez oznaka, Budi prvi tko označuje ovaj zapis!
|
| Thư viện lưu trữ: | Mạng thư viện Đại học Đà Nẵng |
|---|
| LEADER | 00678na a2200217 4500 | ||
|---|---|---|---|
| 001 | 000032709 | ||
| 003 | 8830 | ||
| 005 | 20151002110554.0 | ||
| 008 | 151002s2009 000 | ||
| 082 | |a 420.43 | ||
| 100 | |a Tim Ward | ||
| 245 | |a Grammar student's |c Tim Ward | ||
| 260 | |c 2009 | ||
| OWN | |a LNN | ||
| AVA | |a UDN50 |b LNN |d 420.43 |e available |t Error 5001 Not defined in file expand_doc_bib_avail. |f 1 |g 0 |h N |i 0 |k 1 | ||
| 999 | |a From the UDN01 | ||
| AVA | |a UDN50 |b LNN |d 420.43 |e available |t Error 5001 Not defined in file expand_doc_bib_avail. |f 1 |g 0 |h N |i 0 |k 1 | ||
| TYP | |a Printed language | ||
| 980 | |a Mạng thư viện Đại học Đà Nẵng | ||